000
00298nam a2200133Ia 4500
100
_a
Leinecker/Richard C
942
_c
BK
654
_a
Microsoft visual C++
245
_a
Microsoft Visual C ++ 5 Power
260
_b
ComDex
_a
New Delhi
_c
1997
300
_a
584
546
_a
ENGLISH
999
_c
32256
_d
32256